[Event "Kaluga Tsiolkovsky Memorial op"]
[Site "Kaluga"]
[Date "2016.08.10"]
[Round "5"]
[White "Shalamanov, Alexander Nikolaevi"]
[Black "Shkodin, Vyacheslav"]
[Result "1/2-1/2"]
[WhiteElo "2015"]
[BlackElo "1821"]
[PlyCount "137"]
[EventDate "2016.08.06"]
[EventType "swiss"]
[EventRounds "9"]
[EventCountry "RUS"]
[SourceTitle "CBM 174 Extra"]
[Source "ChessBase"]
[SourceDate "2016.10.10"]
[SourceVersion "1"]
[SourceVersionDate "2016.10.10"]
[SourceQuality "1"]

1. d4 Nf6 2. c4 g6 3. Nc3 d5 4. Bg5 c6 5. Bxf6 exf6 6. cxd5 cxd5 7. Qb3 Nc6 8. Nf3 Bb4 9. e3 a6 10. Bd3 0-0 11. 0-0 Bxc3 12. Qxc3 Bg4 13. Nd2 Rc8 14. Qa3 Qe7 15. Qxe7 Nxe7 16. f3 Be6 17. Nb3 Nc6 18. a3 Rfe8 19. Kf2 f5 20. g3 Rc7 21. Rac1 Rec8 22. Rc3 Nb8 23. Rxc7 Rxc7 24. Ke2 Nd7 25. Kd2 Kf8 26. h4 h6 27. g4 fxg4 28. fxg4 Kg7 29. g5 hxg5 30. hxg5 b5 31. Nc1 Nb6 32. b3 Nd7 33. Ne2 Nf8 34. Nf4 Nh7 35. Rg1 Rc6 36. e4 dxe4 37. d5 Bxd5 38. Nxd5 exd3 39. Kxd3 Rc5 40. Kd4 Rc2 41. Nb4 Rd2+ 42. Kc3 Rd6 43. Nc2 a5 44. b4 a4 45. Nd4 Rd5 46. Nf3 Nf8 47. Nd4 Nd7 48. Kd3 Ne5+ 49. Ke4 Rxd4+ 50. Kxe5 Rd3 51. Ra1 Rg3 52. Kf4 Rc3 53. Rd1 Rxa3 54. Rd5 Rb3 55. Rxb5 a3 56. Ra5 Rxb4+ 57. Kf3 Rb3+ 58. Kf4 f5 59. Ra7+ Kf8 60. Ke5 Ke8 61. Ra6 Kd7 62. Kd5 Kc7 63. Kc4 Rg3 64. Rxg6 a2 65. Ra6 Rg2 66. g6 f4 67. g7 Rxg7 68. Rxa2 f3 69. Rf2 1/2-1/2

[Event "Kaluga Tsiolkovsky Memorial op"]
[Site "Kaluga"]
[Date "2013.08.07"]
[Round "5"]
[White "Drachev, Oleg"]
[Black "Shalamanov, Alexander Nikolaevi"]
[Result "1-0"]
[WhiteElo "2187"]
[BlackElo "1983"]
[PlyCount "67"]
[EventDate "2013.08.03"]
[EventType "swiss"]
[EventRounds "9"]
[EventCountry "RUS"]
[SourceTitle "CBM 156 Extra"]
[Source "ChessBase"]
[SourceDate "2013.10.22"]
[SourceVersion "1"]
[SourceVersionDate "2013.10.22"]
[SourceQuality "1"]

1. e4 e6 2. d4 d5 3. Nd2 c5 4. exd5 Qxd5 5. Ngf3 cxd4 6. Bc4 Qd6 7. 0-0 Nc6 8. Nb3 Nf6 9. Nbxd4 Nxd4 10. Nxd4 Be7 11. b3 0-0 12. Bb2 e5 13. Nb5 Qb8 14. Qe2 e4 15. h3 a6 16. Nc3 Qf4 17. Nd5 Nxd5 18. Bxd5 Bd6 19. g3 Qh6 20. Bxe4 Bxh3 21. Rfd1 Rae8 22. Qf3 b5 23. Rd5 f5 24. Bxf5 Bxf5 25. Rxf5 Rxf5 26. Qxf5 Rf8 27. Qd5+ Kh8 28. Re1 Qg6 29. Re2 Bb8 30. Re7 Rg8 31. Rxg7 Qxg7 32. Bxg7+ Rxg7 33. Qa8 Rg8 34. Qxa6 1-0

[Event "Anapa op"]
[Site "Anapa"]
[Date "2012.09.04"]
[Round "5"]
[White "Pankov, Nikita"]
[Black "Shalamanov, Alexander Nikolaevi"]
[Result "0-1"]
[WhiteElo "1782"]
[BlackElo "1970"]
[PlyCount "70"]
[EventDate "2012.08.30"]
[EventType "swiss"]
[EventRounds "9"]
[EventCountry "RUS"]
[SourceTitle "CBM 150 Extra"]
[Source "ChessBase"]
[SourceDate "2012.10.19"]
[SourceVersion "1"]
[SourceVersionDate "2012.10.19"]
[SourceQuality "1"]

1. e4 c5 2. d4 cxd4 3. c3 Nf6 4. e5 Nd5 5. cxd4 d6 6. Bc4 Nb6 7. Bb5+ Bd7 8. Bxd7+ Qxd7 9. Nf3 Nc6 10. 0-0 e6 11. Nc3 Be7 12. Qe2 Rd8 13. Rd1 0-0 14. Bf4 Nb4 15. Ne4 dxe5 16. Nxe5 Qe8 17. Nc5 N6d5 18. Bg3 b6 19. Ncd3 Rc8 20. a3 Nc2 21. Rac1 Nxd4 22. Qe4 Nf5 23. Rxc8 Qxc8 24. Rc1 Nxg3 25. hxg3 Qa6 26. Nf4 Nxf4 27. gxf4 Rc8 28. Rd1 Bf6 29. Nc6 b5 30. Rc1 g6 31. Rc2 Re8 32. Nb4 Qd6 33. Qe3 Qd1+ 34. Kh2 a5 35. Rd2 Qh5+ 0-1

[Event "Komi-ch"]
[Site "Syktyvkar"]
[Date "2012.02.18"]
[Round "8"]
[White "Shalamanov, Alexander Nikolaevi"]
[Black "Vasilev, Peter"]
[Result "1-0"]
[WhiteElo "1970"]
[BlackElo "1960"]
[PlyCount "71"]
[EventDate "2012.02.11"]
[EventType "swiss"]
[EventRounds "9"]
[EventCountry "RUS"]
[SourceTitle "EXT 2014"]
[Source "ChessBase"]
[SourceDate "2013.11.20"]
[SourceVersion "1"]
[SourceVersionDate "2013.11.20"]
[SourceQuality "1"]

1. d4 c5 2. d5 e5 3. c4 d6 4. Nc3 g6 5. e4 Bg7 6. Nf3 Ne7 7. h3 0-0 8. g4 h6 9. Rg1 a6 10. Be3 Kh7 11. Qd2 Bd7 12. a4 f6 13. Be2 g5 14. h4 Ng6 15. Rh1 Nf4 16. Bxf4 exf4 17. e5 dxe5 18. hxg5 fxg5 19. Rh5 Kg8 20. Qd3 Bxg4 21. Rxh6 Bf5 22. Rg6 e4 23. Rxg7+ Kxg7 24. Nxe4 g4 25. Qc3+ Kg6 26. Ne5+ Kh5 27. Qh3+ Qh4 28. Qg2 f3 29. Ng3+ Kh6 30. Bxf3 Nd7 31. Nxf5+ Rxf5 32. Nxg4+ Kg7 33. Ne3+ Rg5 34. Nf5+ Kf6 35. Nxh4 Re8+ 36. Kf1 1-0

[Event "Komi-ch"]
[Site "Syktyvkar"]
[Date "2012.02.16"]
[Round "6"]
[White "Shalamanov, Alexander Nikolaevi"]
[Black "Terentiev, Sergei"]
[Result "1-0"]
[WhiteElo "1970"]
[BlackElo "2320"]
[PlyCount "95"]
[EventDate "2012.02.11"]
[EventType "swiss"]
[EventRounds "9"]
[EventCountry "RUS"]
[SourceTitle "EXT 2014"]
[Source "ChessBase"]
[SourceDate "2013.11.20"]
[SourceVersion "1"]
[SourceVersionDate "2013.11.20"]
[SourceQuality "1"]

1. d4 Nf6 2. Nf3 e6 3. e3 b6 4. Bd3 Bb7 5. Nbd2 d5 6. Ne5 Nbd7 7. f4 Bd6 8. Qf3 c5 9. c3 Qc7 10. 0-0 c4 11. Bc2 g6 12. Qh3 Be7 13. Ndf3 Ne4 14. Nxd7 Qxd7 15. Ne5 Qc7 16. Ba4+ Kf8 17. Bd7 Kg7 18. Ba4 a6 19. Bc2 f5 20. g4 Bd6 21. Bxe4 dxe4 22. Bd2 b5 23. Kh1 Bxe5 24. fxe5 Rhf8 25. gxf5 exf5 26. Rf4 Qe7 27. Rg1 Qe6 28. Be1 a5 29. Bh4 Bc8 30. Bg5 h5 31. Qh4 Ra6 32. Qg3 b4 33. Rh4 Qf7 34. Bf4 Rh8 35. e6 Rxe6 36. Be5+ Rxe5 37. dxe5 bxc3 38. bxc3 Rh6 39. Rd1 Qe7 40. Rd6 g5 41. Rf6 g4 42. Qf4 Rxf6 43. Qg5+ Kf7 44. exf6 Qxf6 45. Qxh5+ Ke7 46. Qh7+ Qf7 47. Qh8 Qe8 48. Rh7+ 1-0

[Event "Komi-ch"]
[Site "Syktyvkar"]
[Date "2012.02.12"]
[Round "2"]
[White "Shalamanov, Alexander Nikolaevi"]
[Black "Kuratov, Vasily"]
[Result "0-1"]
[WhiteElo "1970"]
[BlackElo "2235"]
[PlyCount "31"]
[EventDate "2012.02.11"]
[EventType "swiss"]
[EventRounds "9"]
[EventCountry "RUS"]
[SourceTitle "EXT 2014"]
[Source "ChessBase"]
[SourceDate "2013.11.20"]
[SourceVersion "1"]
[SourceVersionDate "2013.11.20"]
[SourceQuality "1"]

1. g3 d5 2. Bg2 e5 3. c4 d4 4. d3 Nf6 5. Nf3 Nc6 6. 0-0 Bd6 7. Na3 0-0 8. Nc2 Re8 9. Rb1 a5 10. b3 Bf8 11. a3 e4 12. dxe4 Nxe4 13. Bb2 Nc3 14. Bxc3 dxc3 15. Nfd4 Nxd4 16. e3 0-1